000 00199 a2200109 4500
020 _a9788426131577
041 _aspa
100 _aCannon, Janell
245 _aStelaluna
942 _cBK
952 _71
999 _c19765
_d19765